[Event "Africa-ch U20 (open)"]
[Site "Entebbe UGA"]
[Date "2018.12.29"]
[Round "1.1"]
[White "Fawzy, Adham"]
[Black "Nyaga, James Kabui"]
[Result "1-0"]
[WhiteElo "2436"]
[BlackElo "1767"]
[EventDate "2018.12.29"]
[PlyCount "87"]

1.e4 c5 2.Nf3 e6 3.d4 cxd4 4.Nxd4 a6 5.c4 Nf6 6.Nc3 Qc7 7.a3 d6 8.Be2 g6 
9.O-O Bg7 10.Be3 O-O 11.Qd2 Nbd7 12.Bh6 Nc5 13.Bxg7 Kxg7 14.Qf4 b6 15.b4 
Ncd7 16.Qe3 Ne5 17.Rac1 Bb7 18.f4 Nc6 19.Nd5 Qd8 20.Nxc6 Bxc6 21.Nxb6 Rb8 
22.e5 Ne4 23.c5 dxc5 24.Nc4 Qd4 25.bxc5 Qxc5 26.Qxc5 Nxc5 27.Nd6 Nb3 28.
Rxc6 Nd4 29.Rc4 Nxe2+ 30.Kf2 Rb2 31.Ke1 Nxf4 32.Rfxf4 Rxg2 33.Rc7 Rxh2 34.
Nxf7 Rb8 35.Rb4 Rxb4 36.axb4 h5 37.Ng5+ Kh6 38.Nxe6 Rh4 39.Nc5 Rxb4 40.e6 
Rb8 41.e7 Re8 42.Ne4 h4 43.Nf6 h3 44.Kf2 1-0

[Event "Africa-ch U20 (open)"]
[Site "Entebbe UGA"]
[Date "2018.12.29"]
[Round "1.2"]
[White "Bitarinsa, Arthur"]
[Black "Igwubor, Kikosem"]
[Result "0-1"]
[WhiteElo "1742"]
[BlackElo "2108"]
[EventDate "2018.12.29"]
[PlyCount "42"]

1.Nf3 Nf6 2.g3 d5 3.Bg2 Bg4 4.O-O c6 5.d3 e6 6.Nbd2 Nbd7 7.Re1 Bc5 8.c3 a5
9.Qb3 Qc7 10.e4 a4 11.Qc2 dxe4 12.Nxe4 Nxe4 13.Rxe4 Bxf3 14.Bxf3 b5 15.Bf4
Qb6 16.d4 Be7 17.Rae1 O-O 18.Be3 Qc7 19.Bf4 Bd6 20.Bxd6 Qxd6 21.Rh4 h6 0-1

[Event "Africa-ch U20 (open)"]
[Site "Entebbe UGA"]
[Date "2018.12.29"]
[Round "1.4"]
[White "Noreseb, Dudley"]
[Black "Mlahleki, Vusimuzi"]
[Result "0-1"]
[WhiteElo "1684"]
[BlackElo "2055"]
[EventDate "2018.12.29"]
[PlyCount "76"]

1.c4 e5 2.g3 Nc6 3.Bg2 g6 4.Nc3 Bg7 5.Nf3 d6 6.d3 f5 7.Bd2 Nf6 8.O-O O-O 
9.Rb1 a5 10.a3 Nh5 11.b4 axb4 12.axb4 f4 13.b5 Ne7 14.Qc2 h6 15.Ne4 Bf5 
16.Nh4 Bg4 17.Bb4 g5 18.Nf3 Qd7 19.Nc3 Bh3 20.Nd2 Bxg2 21.Kxg2 Nf5 22.Nde4
f3+ 23.Kh1 Nd4 24.Qd1 Qh3 25.Rg1 fxe2 26.Nxe2 Nf3 27.Rg2 Nf6 28.Ng1 Nxg1 
29.Nxf6+ Rxf6 30.Qxg1 Rf3 31.Qd1 Qf5 32.Rb2 Rxd3 33.Rd2 Rxd2 34.Bxd2 e4 
35.Bc1 Ra1 36.Qc2 Qf3 37.h3 Qd3 38.Qxd3 Rxc1+ 0-1

[Event "Africa-ch U20 (open)"]
[Site "Entebbe UGA"]
[Date "2018.12.29"]
[Round "1.5"]
[White "Matovu, Abel"]
[Black "Mwangi, John Milton Kihara"]
[Result "1/2-1/2"]
[WhiteElo "1960"]
[BlackElo "1679"]
[EventDate "2018.12.29"]
[PlyCount "62"]

1.e4 c5 2.Nc3 Nc6 3.g3 Nf6 4.Bg2 e6 5.d3 Be7 6.f4 d5 7.e5 Nd7 8.Nf3 O-O 9.
O-O f6 10.Bh3 f5 11.Qe2 d4 12.Nd1 Nb6 13.Nf2 Nd5 14.Bd2 b6 15.Bg2 Bb7 16.
a3 Qd7 17.h3 Rad8 18.Kh2 Kh8 19.h4 h5 20.Nh3 g6 21.Nfg5 Kg7 22.Bf3 Rh8 23.
Qg2 Nc7 24.b4 Rb8 25.Rfb1 Nd8 26.bxc5 Bxf3 27.Nxf3 Bxc5 28.Bb4 Nc6 29.Nhg5
Nd5 30.Bd2 Kf8 31.Rb5 Ke7 1/2-1/2

[Event "Africa-ch U20 (open)"]
[Site "Entebbe UGA"]
[Date "2018.12.29"]
[Round "1.6"]
[White "Kanyike, Victor"]
[Black "Masiya, Mfundo"]
[Result "1/2-1/2"]
[WhiteElo "1592"]
[BlackElo "1952"]
[EventDate "2018.12.29"]
[PlyCount "44"]

1.e4 c5 2.Nf3 e6 3.d4 cxd4 4.Nxd4 Nf6 5.Nc3 Bb4 6.Bd3 Nc6 7.Nf3 d5 8.exd5 
Nxd5 9.Bd2 Nxc3 10.Bxc3 Bxc3+ 11.bxc3 Qf6 12.Nd4 e5 13.Nb5 O-O 14.O-O Rd8 
15.Qe2 a6 16.Qe4 g6 17.Na3 b5 18.f4 exf4 19.Qxf4 Qxf4 20.Rxf4 Be6 21.Nb1 
Ne5 22.Be2 Bf5 1/2-1/2

[Event "Africa-ch U20 (open)"]
[Site "Entebbe UGA"]
[Date "2018.12.29"]
[Round "1.7"]
[White "Musasizi, Emmanuel"]
[Black "Abdullahi, Hassan Ali"]
[Result "1-0"]
[WhiteElo "1918"]
[BlackElo "1492"]
[EventDate "2018.12.29"]
[PlyCount "116"]

1.e4 e5 2.Nf3 d6 3.Bc4 Be7 4.Nc3 Nf6 5.d3 h6 6.h3 c6 7.Bb3 O-O 8.O-O Be6 
9.d4 Bxb3 10.axb3 Nbd7 11.Be3 a6 12.Qd2 Nh7 13.Rad1 Qc7 14.Ne2 Rad8 15.Ng3
Bf6 16.Nf5 exd4 17.Bxd4 Ne5 18.Nh2 c5 19.Bc3 c4 20.f4 Ng6 21.Ng4 Bxc3 22.
Qxc3 f6 23.bxc4 Rfe8 24.Rde1 Qc6 25.Nd4 Qb6 26.Kh1 Kh8 27.f5 Ne5 28.Ne3 
Qc5 29.Ne6 Rxe6 30.fxe6 Re8 31.b4 Qc8 32.Nf5 Qxe6 33.Qg3 Rg8 34.c5 dxc5 
35.bxc5 Qc4 36.Nd6 Qe6 37.Qxe5 fxe5 38.Nf7+ Qxf7 39.Rxf7 Rc8 40.Rxb7 Ng5 
41.h4 Ne6 42.Re7 Nxc5 43.Rxe5 Nd7 44.Re7 Nf6 45.e5 Ng4 46.Ra7 Rxc2 47.e6 
Rc8 48.Rxa6 Re8 49.e7 Kg8 50.g3 Nf6 51.Kg2 Kf7 52.Ra7 Nd5 53.Kf3 Nxe7 54.
Kg4 Kf6 55.Rf1+ Kg6 56.h5+ Kh7 57.Rf8 Nc8 58.Rxe8 Nxa7 1-0

[Event "Africa-ch U20 (open)"]
[Site "Entebbe UGA"]
[Date "2018.12.30"]
[Round "2.1"]
[White "Mlahleki, Vusimuzi"]
[Black "Fawzy, Adham"]
[Result "1/2-1/2"]
[WhiteElo "2055"]
[BlackElo "2436"]
[EventDate "2018.12.29"]
[PlyCount "56"]

1.e4 c5 2.Nc3 Nc6 3.g3 g6 4.Bg2 Bg7 5.d3 d6 6.Nh3 e6 7.O-O Nge7 8.Be3 b6 
9.Qd2 h6 10.Rae1 Bb7 11.f4 Nd4 12.Nd1 d5 13.c3 Ndc6 14.f5 d4 15.f6 Bxf6 
16.Bxh6 Be5 17.Ng5 f6 18.Nf3 Qd6 19.Nxe5 Nxe5 20.Bg7 Rh5 21.Bxf6 dxc3 22.
bxc3 O-O-O 23.Qf4 N5c6 24.Qxd6 Rxd6 25.Bf3 Rh7 26.Nb2 Ba6 27.e5 Rd7 28.Be4
Kc7 1/2-1/2

[Event "Africa-ch U20 (open)"]
[Site "Entebbe UGA"]
[Date "2018.12.30"]
[Round "2.2"]
[White "Igwubor, Kikosem"]
[Black "Musasizi, Emmanuel"]
[Result "1/2-1/2"]
[WhiteElo "2108"]
[BlackElo "1918"]
[EventDate "2018.12.29"]
[PlyCount "27"]

1.Nf3 Nf6 2.g3 g6 3.Bg2 Bg7 4.d3 c5 5.e4 Nc6 6.e5 Nd5 7.O-O O-O 8.c3 d6 9.
Re1 Bg4 10.h3 Bxf3 11.Qxf3 Nc7 12.Nd2 Rb8 13.a4 a6 14.Qe2 1/2-1/2

[Event "Africa-ch U20 (open)"]
[Site "Entebbe UGA"]
[Date "2018.12.30"]
[Round "2.5"]
[White "Mwangi, John Milton Kihara"]
[Black "Kanyike, Victor"]
[Result "1/2-1/2"]
[WhiteElo "1679"]
[BlackElo "1592"]
[EventDate "2018.12.29"]
[PlyCount "79"]

1.d4 Nf6 2.Nf3 g6 3.c4 Bg7 4.g3 d6 5.Bg2 O-O 6.O-O Nc6 7.Nc3 Bd7 8.h3 a6 
9.d5 Ne5 10.Nxe5 dxe5 11.Qc2 Rb8 12.Bg5 Ne8 13.e4 f6 14.Be3 f5 15.exf5 
Bxf5 16.Qe2 Nf6 17.Ba7 Rc8 18.Bc5 b6 19.Ba3 Rf7 20.Rad1 h5 21.Ne4 Nxe4 22.
Bxe4 Qd7 23.Bxf5 Rxf5 24.b3 Rcf8 25.h4 g5 26.Qxh5 gxh4 27.Qxh4 Kf7 28.Kg2 
Rh8 29.Qg4 Bf6 30.f3 Rhh5 31.Rh1 Rhg5 32.Qe4 Rf4 33.Qh7+ Rg7 34.Qh3 Qxh3+ 
35.Rxh3 e4 36.Rf1 exf3+ 37.Rxf3 Rd4 38.Rf2 a5 39.Bb2 Rd3 40.Rc2 1/2-1/2

[Event "Africa-ch U20 (open)"]
[Site "Entebbe UGA"]
[Date "2018.12.30"]
[Round "2.6"]
[White "Nyaga, James Kabui"]
[Black "Noreseb, Dudley"]
[Result "1-0"]
[WhiteElo "1767"]
[BlackElo "1684"]
[EventDate "2018.12.29"]
[PlyCount "77"]

1.e4 e6 2.Nf3 d5 3.Nc3 Nf6 4.e5 Nfd7 5.d4 c5 6.dxc5 Bxc5 7.Bd3 Nc6 8.Bf4 
Qb6 9.O-O a6 10.Qd2 Qc7 11.Rae1 b5 12.a3 Bb7 13.b4 Be7 14.Nxd5 Qd8 15.Nxe7
Nxe7 16.Ng5 Ng6 17.Bg3 Nb6 18.Rd1 O-O 19.h4 h6 20.Nxe6 fxe6 21.Bxg6 Nd5 
22.Qd4 Rc8 23.Qg4 Qe7 24.Bd3 Rc3 25.Qg6 Rxd3 26.Qxd3 Rc8 27.Qd4 Rc3 28.Rd2
Ba8 29.f3 Rc4 30.Qf2 Rc3 31.Rd3 Rc4 32.f4 g6 33.h5 gxh5 34.f5 Rc8 35.Bh4 
Qf7 36.Rg3+ Kh7 37.fxe6 Qxe6 38.Qa7+ Nc7 39.Bf6 1-0

[Event "Africa-ch U20 (open)"]
[Site "Entebbe UGA"]
[Date "2018.12.30"]
[Round "2.7"]
[White "Abdullahi, Hassan Ali"]
[Black "Bitarinsa, Arthur"]
[Result "1/2-1/2"]
[WhiteElo "1492"]
[BlackElo "1742"]
[EventDate "2018.12.29"]
[PlyCount "60"]

1.e4 e5 2.Bc4 Bc5 3.Nf3 Nc6 4.c3 Nf6 5.d3 h6 6.O-O d6 7.h3 Bd7 8.a4 a6 9.
b4 Ba7 10.Bb2 Ne7 11.b5 axb5 12.axb5 Ng6 13.Qb3 O-O 14.Nbd2 Nf4 15.Kh1 Be6
16.d4 Qd7 17.Bxe6 fxe6 18.dxe5 dxe5 19.c4 Nd3 20.Kg1 Nh5 21.Qc3 Ng3 22.
Nxe5 Nxe5 23.Qxe5 Nxf1 24.Rxf1 Rf7 25.Nf3 Raf8 26.Ra1 Bb8 27.Qh5 c6 28.
bxc6 Qxc6 29.Be5 Qxe4 30.Bxb8 Rxb8 1/2-1/2

[Event "Africa-ch U20 (open)"]
[Site "Entebbe UGA"]
[Date "2018.12.30"]
[Round "3.1"]
[White "Djabri, Massinas"]
[Black "Igwubor, Kikosem"]
[Result "1-0"]
[WhiteElo "2063"]
[BlackElo "2108"]
[EventDate "2018.12.29"]
[PlyCount "39"]

1.d4 Nf6 2.c4 e6 3.Nf3 b6 4.g3 Ba6 5.b3 Bb4+ 6.Bd2 Be7 7.Bg2 c6 8.O-O d5 
9.Qc2 Nbd7 10.Bf4 Bc8 11.Nbd2 c5 12.e4 cxd4 13.e5 Nh5 14.Nxd4 O-O 15.Qd1 
Nxf4 16.gxf4 Nc5 17.f5 Re8 18.Qg4 Bf8 19.b4 h5 20.Qxh5 1-0

[Event "Africa-ch U20 (open)"]
[Site "Entebbe UGA"]
[Date "2018.12.30"]
[Round "3.2"]
[White "Musasizi, Emmanuel"]
[Black "Mlahleki, Vusimuzi"]
[Result "0-1"]
[WhiteElo "1918"]
[BlackElo "2055"]
[EventDate "2018.12.29"]
[PlyCount "92"]

1.e4 e5 2.Nf3 Nc6 3.Bb5 a6 4.Ba4 Nf6 5.O-O Be7 6.d4 b5 7.Bb3 d6 8.dxe5 
Nxe5 9.Nxe5 dxe5 10.c3 Qxd1 11.Rxd1 Bb7 12.f3 Bc5+ 13.Kf1 Ke7 14.Ke2 Rhd8 
15.Be3 Bxe3 16.Kxe3 Rxd1 17.Bxd1 Nh5 18.g3 g6 19.Bc2 Rf8 20.Nd2 f5 21.exf5
gxf5 22.Bxf5 Rxf5 23.g4 Rf4 24.gxh5 Rh4 25.Rg1 Rxh5 26.Rg2 Rh3 27.a3 a5 
28.Rf2 a4 29.Rg2 Bd5 30.Rf2 Ke6 31.Ke2 Kf5 32.Rg2 h5 33.Ke3 e4 34.Rf2 exf3
35.Nxf3 Bxf3 36.Rxf3+ Kg4 37.Rxh3 Kxh3 38.Kd4 Kxh2 39.Kc5 Kg3 40.Kc6 h4 
41.Kxc7 h3 42.Kb6 h2 43.Kxb5 h1=Q 44.Kxa4 Qb7 45.b4 Kf4 46.c4 Ke4 0-1

[Event "Africa-ch U20 (open)"]
[Site "Entebbe UGA"]
[Date "2018.12.30"]
[Round "3.3"]
[White "Fawzy, Adham"]
[Black "Masiya, Mfundo"]
[Result "1-0"]
[WhiteElo "2436"]
[BlackElo "1952"]
[EventDate "2018.12.29"]
[PlyCount "54"]

1.e4 c5 2.Nf3 e6 3.d4 cxd4 4.Nxd4 Nf6 5.Nc3 Bb4 6.Bd3 Nc6 7.Nxc6 dxc6 8.e5
Nd7 9.Qg4 Qa5 10.O-O Bxc3 11.bxc3 Qxe5 12.Bf4 Qxc3 13.Bd6 Qf6 14.Rfe1 b6 
15.Qa4 Bb7 16.Ba6 Bxa6 17.Qxa6 Qd8 18.Qa4 b5 19.Qg4 Qf6 20.Qe4 Rc8 21.f4 
Kd8 22.f5 Re8 23.Qb4 Qh6 24.Qa5+ Nb6 25.Red1 Qe3+ 26.Kh1 Qe2 27.Bc5+ Kc7 
1-0

[Event "Africa-ch U20 (open)"]
[Site "Entebbe UGA"]
[Date "2018.12.30"]
[Round "3.4"]
[White "Matovu, Abel"]
[Black "Nyaga, James Kabui"]
[Result "1-0"]
[WhiteElo "1960"]
[BlackElo "1767"]
[EventDate "2018.12.29"]
[PlyCount "63"]

1.d4 Nf6 2.Nf3 c5 3.d5 g6 4.c4 b5 5.cxb5 a6 6.Nc3 axb5 7.Nxb5 d6 8.Nc3 Qa5
9.Bd2 Bg7 10.e4 O-O 11.Be2 Na6 12.O-O Bd7 13.Re1 Rfb8 14.Rb1 Qd8 15.Qc1 
Nc7 16.Bh6 Bh8 17.h3 e6 18.dxe6 Nxe6 19.Rd1 Qc7 20.Qd2 Rb6 21.Bc4 Nd4 22.
Nxd4 cxd4 23.Qxd4 Ng4 24.Nd5 Bxd4 25.Nxc7 Ra4 26.hxg4 Rxc4 27.Nd5 Ra6 28.
b3 Bxf2+ 29.Kxf2 Rxa2+ 30.Rd2 Rxd2+ 31.Bxd2 Rxe4 32.Nf6+ 1-0

[Event "Africa-ch U20 (open)"]
[Site "Entebbe UGA"]
[Date "2018.12.30"]
[Round "3.5"]
[White "Kanyike, Victor"]
[Black "Kato, Richard"]
[Result "0-1"]
[WhiteElo "1592"]
[BlackElo "1903"]
[EventDate "2018.12.29"]
[PlyCount "30"]

1.e4 d6 2.Nf3 e5 3.c3 Nf6 4.Be2 Be7 5.Qc2 O-O 6.O-O c6 7.d4 Qc7 8.h3 Re8 
9.dxe5 dxe5 10.Be3 Nbd7 11.Nbd2 Bc5 12.Bxc5 Nxc5 13.Rfe1 Ne6 14.Nh2 Nf4 
15.Ndf1 Be6 0-1

[Event "Africa-ch U20 (open)"]
[Site "Entebbe UGA"]
[Date "2018.12.30"]
[Round "3.7"]
[White "Bitarinsa, Arthur"]
[Black "Ssenkoole, Laurrice Talemwa"]
[Result "1-0"]
[WhiteElo "1742"]
[BlackElo "1538"]
[EventDate "2018.12.29"]
[PlyCount "71"]

1.Nf3 d5 2.g3 Nf6 3.Bg2 e6 4.d4 c5 5.c3 cxd4 6.cxd4 Nc6 7.O-O Be7 8.Nbd2 
O-O 9.a3 Bd7 10.Re1 a5 11.e4 dxe4 12.Nxe4 Nxe4 13.Rxe4 Bf6 14.Re2 Ne7 15.
Ne5 Bb5 16.Rd2 Nd5 17.Qb3 Bc6 18.Nxc6 bxc6 19.Qc4 Qb6 20.b3 Rab8 21.Rb1 
Be7 22.Rd3 Rfc8 23.Bb2 Qb5 24.Qxb5 cxb5 25.Re1 Rc2 26.Bc1 Rbc8 27.Bd2 Nc3 
28.d5 b4 29.axb4 axb4 30.dxe6 fxe6 31.Rxe6 Bc5 32.Re5 Nd1 33.Bd5+ Kh8 34.
Rf5 Rd8 35.Be4 Nxf2 36.Rxd8+ 1-0

[Event "Africa-ch U20 (open)"]
[Site "Entebbe UGA"]
[Date "2018.12.30"]
[Round "3.8"]
[White "Noreseb, Dudley"]
[Black "Abdullahi, Hassan Ali"]
[Result "0-1"]
[WhiteElo "1684"]
[BlackElo "1492"]
[EventDate "2018.12.29"]
[PlyCount "61"]

1.e4 e5 2.Nf3 d6 3.Bc4 Be7 4.c3 Nf6 5.d3 h6 6.O-O O-O 7.h3 c6 8.Be3 Nbd7 
9.Re1 b5 10.Bb3 Bb7 11.a4 a6 12.Nbd2 Qc7 13.Nf1 d5 14.Ng3 dxe4 15.dxe4 
Rad8 16.Qc2 c5 17.axb5 axb5 18.Qe2 c4 19.Bc2 Nc5 20.Bxc5 Bxc5 21.Red1 Nh7 
22.b3 Nf6 23.bxc4 bxc4 24.Rab1 Qc6 25.Rxd8 Rxd8 26.Kf1 Qc7 27.Qxc4 Bc8 28.
Qe2 Bf8 29.Qe1 Qc5 30.Rd1 Rxd1 31.Qxd1 0-1

[Event "Africa-ch U20 (open)"]
[Site "Entebbe UGA"]
[Date "2018.12.31"]
[Round "4.1"]
[White "Mlahleki, Vusimuzi"]
[Black "Djabri, Massinas"]
[Result "1-0"]
[WhiteElo "2055"]
[BlackElo "2063"]
[EventDate "2018.12.29"]
[PlyCount "83"]

1.e4 c5 2.Nc3 d6 3.g3 g6 4.Bg2 Bg7 5.d3 Nc6 6.Be3 Bd7 7.Qd2 b5 8.f4 b4 9.
Nd1 Nh6 10.h3 f5 11.Nf3 Qc8 12.e5 Nf7 13.exd6 exd6 14.d4 Ne7 15.O-O Bb5 
16.Re1 O-O 17.dxc5 dxc5 18.Qf2 Nd6 19.Ng5 Ne4 20.Nxe4 fxe4 21.Bxc5 Nf5 22.
Bxe4 Qxc5 23.Qxc5 Bd4+ 24.Qxd4 Nxd4 25.c3 Ne2+ 26.Kf2 Rae8 27.Bd5+ Kg7 28.
Bf3 Nxf4 29.gxf4 Rxe1 30.Kxe1 Rxf4 31.Bd5 Rf1+ 32.Kd2 Bd7 33.cxb4 Bxh3 34.
Rc1 g5 35.Rc7+ Kg6 36.Rxa7 Rf8 37.Ne3 g4 38.Be4+ Kg5 39.Rxh7 Kf4 40.Bd3 
Re8 41.Rf7+ Kg3 42.b5 1-0

[Event "Africa-ch U20 (open)"]
[Site "Entebbe UGA"]
[Date "2018.12.31"]
[Round "4.2"]
[White "Mwangi, John Milton Kihara"]
[Black "Fawzy, Adham"]
[Result "0-1"]
[WhiteElo "1679"]
[BlackElo "2436"]
[EventDate "2018.12.29"]
[PlyCount "88"]

1.d4 Nf6 2.c4 e6 3.Nc3 Bb4 4.e3 d5 5.Ne2 dxc4 6.a3 Ba5 7.Qa4+ Nc6 8.Qxc4 
e5 9.dxe5 Be6 10.Qa4 Nd5 11.b4 Bb6 12.Nxd5 Qxd5 13.Nc3 Qxe5 14.Bb2 O-O-O 
15.Be2 Qg5 16.O-O Bh3 17.g3 Rd2 18.Bc1 Rxe2 19.Nxe2 Qe5 20.Bd2 Bxf1 21.Bc3
Qh5 22.Kxf1 Bxe3 23.fxe3 Qf3+ 24.Ke1 Qxe3 25.Qc2 Re8 26.Rd1 Qg1+ 27.Kd2 
Qf2 28.Re1 Ne5 29.Bxe5 Rd8+ 30.Kc3 Qxe1+ 31.Kb3 Rd7 32.Bxg7 a5 33.Bc3 Qh1 
34.Qxh7 a4+ 35.Kb2 Qg2 36.Qh8+ Rd8 37.Qh5 Re8 38.Be5 Qe4 39.Nc3 Qxe5 40.
Qxf7 Rd8 41.Qf2 b5 42.h4 Rd3 43.Qc2 Qd4 44.g4 Rd2 0-1

[Event "Africa-ch U20 (open)"]
[Site "Entebbe UGA"]
[Date "2018.12.31"]
[Round "4.3"]
[White "Kato, Richard"]
[Black "Matovu, Abel"]
[Result "0-1"]
[WhiteElo "1903"]
[BlackElo "1960"]
[EventDate "2018.12.29"]
[PlyCount "27"]

1.e4 Nf6 2.Nc3 e5 3.Nf3 Nc6 4.Bc4 Nxe4 5.Nxe4 d5 6.Bb5 dxe4 7.Nxe5 Qd5 8.
Bxc6+ bxc6 9.Ng4 Ba6 10.Ne3 Qe6 11.b3 Rb8 12.c4 c5 13.O-O h5 14.f3 0-1

[Event "Africa-ch U20 (open)"]
[Site "Entebbe UGA"]
[Date "2018.12.31"]
[Round "4.4"]
[White "Igwubor, Kikosem"]
[Black "Abdullahi, Hassan Ali"]
[Result "1-0"]
[WhiteElo "2108"]
[BlackElo "1492"]
[EventDate "2018.12.29"]
[PlyCount "71"]

1.Nf3 d6 2.g3 Nf6 3.Bg2 e5 4.d3 Be7 5.O-O O-O 6.c4 h6 7.Nc3 c6 8.Rb1 Be6 
9.e4 Na6 10.Re1 Nc5 11.Be3 b6 12.b4 Nb7 13.h3 Qd7 14.Kh2 Rad8 15.Qd2 Nh7 
16.g4 Kh8 17.Ng1 Bh4 18.Rf1 Ng5 19.f4 exf4 20.Bxf4 a5 21.bxa5 bxa5 22.Nf3 
Nxf3+ 23.Rxf3 Nc5 24.Bxh6 d5 25.exd5 cxd5 26.cxd5 Bxd5 27.Rf5 Bxg2 28.Rh5 
Kg8 29.Bxg7 Qd6+ 30.Be5 Bg3+ 31.Bxg3 Qxg3+ 32.Kxg3 Rxd3+ 33.Qxd3 Nxd3 34.
Kxg2 Rc8 35.Nd5 Rc2+ 36.Kg3 1-0

[Event "Africa-ch U20 (open)"]
[Site "Entebbe UGA"]
[Date "2018.12.31"]
[Round "4.5"]
[White "Bitarinsa, Arthur"]
[Black "Musasizi, Emmanuel"]
[Result "0-1"]
[WhiteElo "1742"]
[BlackElo "1918"]
[EventDate "2018.12.29"]
[PlyCount "70"]

1.Nf3 Nf6 2.g3 g6 3.d4 Bg7 4.Bg2 d6 5.O-O Bg4 6.b3 Qc8 7.Re1 O-O 8.Bb2 a5 
9.Nbd2 Na6 10.Nc4 b5 11.Nxa5 Nb4 12.c3 Rxa5 13.cxb4 Ra7 14.Qd3 Qd7 15.d5 
Rfa8 16.a3 Bf5 17.e4 Nxe4 18.Bxg7 Nf6 19.Qe2 Kxg7 20.Nd4 Rxa3 21.Rxa3 Rxa3
22.Qxe7 Qxe7 23.Nxf5+ gxf5 24.Rxe7 Ra1+ 25.Bf1 Nxd5 26.Rd7 Rc1 27.Kg2 Nf6 
28.Re7 Ng4 29.Bxb5 Kf6 30.Re2 c6 31.Ba6 Rc3 32.h3 Ne5 33.Re3 Rc2 34.b5 
cxb5 35.Bxb5 d5 0-1

[Event "Africa-ch U20 (open)"]
[Site "Entebbe UGA"]
[Date "2018.12.31"]
[Round "4.7"]
[White "Nyaga, James Kabui"]
[Black "Kanyike, Victor"]
[Result "0-1"]
[WhiteElo "1767"]
[BlackElo "1592"]
[EventDate "2018.12.29"]
[PlyCount "20"]

1.e4 e5 2.Nf3 Nc6 3.Bb5 a6 4.Bc4 Bc5 5.O-O Nge7 6.c3 b5 7.Bb3 d5 8.d4 Bd6 
9.exd5 Nxd5 10.dxe5 Bxe5 0-1

[Event "Africa-ch U20 (open)"]
[Site "Entebbe UGA"]
[Date "2018.12.31"]
[Round "4.8"]
[White "Ssenkoole, Laurrice Talemwa"]
[Black "Noreseb, Dudley"]
[Result "0-1"]
[WhiteElo "1538"]
[BlackElo "1684"]
[EventDate "2018.12.29"]
[PlyCount "32"]

1.e4 e6 2.d4 d5 3.exd5 exd5 4.Nf3 Bd6 5.Be3 Ne7 6.Bd3 Bg4 7.h3 Bh5 8.a3 c6
9.Qd2 Qb6 10.Qc3 Bg6 11.Bxg6 Nxg6 12.Nbd2 Nd7 13.Nb3 a5 14.a4 O-O 15.O-O 
Nf6 16.Nfd2 h6 0-1

[Event "Africa-ch U20 (open)"]
[Site "Entebbe UGA"]
[Date "2018.12.31"]
[Round "5.1"]
[White "Djabri, Massinas"]
[Black "Fawzy, Adham"]
[Result "0-1"]
[WhiteElo "2063"]
[BlackElo "2436"]
[EventDate "2018.12.29"]
[PlyCount "78"]

1.d4 Nf6 2.c4 e6 3.Nf3 d5 4.Nc3 a6 5.Bg5 dxc4 6.e4 b5 7.e5 h6 8.Bh4 g5 9.
Nxg5 hxg5 10.Bxg5 Be7 11.exf6 Bxf6 12.Qf3 Bxg5 13.Qxa8 Qxd4 14.Rd1 Qb6 15.
Be2 c6 16.a4 Ke7 17.a5 Qc7 18.Bf3 Bf4 19.g3 Bd6 20.Rxd6 Kxd6 21.Ne4+ Ke7 
22.O-O Qb7 23.Qxb7+ Bxb7 24.Nc5 Bc8 25.Rd1 Nd7 26.Nxd7 Bxd7 27.h4 c5 28.
Bb7 Rb8 29.Bf3 b4 30.h5 f5 31.Kg2 Ba4 32.Rh1 Bc2 33.Rc1 Bd3 34.Bd1 c3 35.
b3 c4 36.Kf3 Rd8 37.Ke3 Bf1 38.bxc4 Rd3+ 39.Kf4 Kf6 0-1

[Event "Africa-ch U20 (open)"]
[Site "Entebbe UGA"]
[Date "2018.12.31"]
[Round "5.2"]
[White "Matovu, Abel"]
[Black "Mlahleki, Vusimuzi"]
[Result "1/2-1/2"]
[WhiteElo "1960"]
[BlackElo "2055"]
[EventDate "2018.12.29"]
[PlyCount "162"]

1.e4 e5 2.Nf3 Nc6 3.Bb5 a6 4.Ba4 Nf6 5.O-O Be7 6.d3 d6 7.Nc3 b5 8.Bb3 Na5 
9.Bg5 h6 10.Bxf6 Bxf6 11.Nd5 c6 12.Nxf6+ Qxf6 13.Re1 Bg4 14.Re3 O-O 15.Qd2
Nb7 16.c3 Rad8 17.h3 Be6 18.Bc2 Qf4 19.Re2 Qxd2 20.Rxd2 f5 21.d4 fxe4 22.
Bxe4 d5 23.Bc2 exd4 24.Nxd4 Bd7 25.a4 Nc5 26.axb5 axb5 27.b4 Na4 28.Bxa4 
bxa4 29.Nc2 Ra8 30.Ne3 Ra7 31.Rda2 c5 32.Nxd5 Be6 33.c4 Bxd5 34.cxd5 cxb4 
35.Rxa4 Rxa4 36.Rxa4 Rb8 37.Ra2 b3 38.Rb2 Kf7 39.Kf1 Ke7 40.Ke2 Kd6 41.Kd3
Kxd5 42.Kc3 Ke4 43.Re2+ Kf4 44.Kb2 Rb7 45.Re3 Kg5 46.Rxb3 Rf7 47.Rg3+ Kh4 
48.Rg4+ Kh5 49.Kc3 g5 50.f3 Rd7 51.Re4 Rd6 52.g3 Ra6 53.Kd2 Kg6 54.h4 Ra2+
55.Ke3 Ra6 56.hxg5 hxg5 57.g4 Ra3+ 58.Kf2 Kf6 59.Kg3 Rb3 60.Ra4 Rc3 61.
Ra6+ Kg7 62.Rd6 Ra3 63.Kf2 Rb3 64.Ke2 Ra3 65.Rd3 Ra4 66.Ke3 Kf6 67.Rd6+ 
Kg7 68.Rd4 Ra6 69.Ke4 Kf6 70.f4 gxf4 71.Kxf4 Kg6 72.Rd5 Ra4+ 73.Kg3 Ra1 
74.Rd6+ Kg5 75.Rd8 Rg1+ 76.Kf3 Rf1+ 77.Kg2 Rf4 78.Rg8+ Kh4 79.g5 Rg4+ 80.
Kf3 Rxg5 81.Rh8+ Rh5 1/2-1/2

[Event "Africa-ch U20 (open)"]
[Site "Entebbe UGA"]
[Date "2018.12.31"]
[Round "5.3"]
[White "Kanyike, Victor"]
[Black "Igwubor, Kikosem"]
[Result "0-1"]
[WhiteElo "1592"]
[BlackElo "2108"]
[EventDate "2018.12.29"]
[PlyCount "32"]

1.e4 c5 2.Nf3 e6 3.d4 cxd4 4.Nxd4 a6 5.Bd3 Nf6 6.Be3 Qc7 7.Nd2 b5 8.O-O 
Bb7 9.Re1 d6 10.b3 Nbd7 11.Ne2 d5 12.Ng3 Bd6 13.exd5 Bxg3 14.hxg3 Bxd5 15.
Bf1 O-O 16.Qe2 e5 0-1

[Event "Africa-ch U20 (open)"]
[Site "Entebbe UGA"]
[Date "2018.12.31"]
[Round "5.4"]
[White "Musasizi, Emmanuel"]
[Black "Kato, Richard"]
[Result "1/2-1/2"]
[WhiteElo "1918"]
[BlackElo "1903"]
[EventDate "2018.12.29"]
[PlyCount "81"]

1.e4 e5 2.Nf3 d6 3.d4 Nd7 4.Nc3 Ngf6 5.Bg5 Be7 6.Be2 O-O 7.Qd2 c6 8.a3 Ng4
9.Bxe7 Qxe7 10.d5 Nb6 11.h3 Nh6 12.dxc6 bxc6 13.O-O-O Rd8 14.g4 Kh8 15.g5 
Ng8 16.h4 Bg4 17.h5 d5 18.exd5 cxd5 19.g6 Nf6 20.Ng5 Be6 21.h6 fxg6 22.
hxg7+ Kxg7 23.Nxh7 Nxh7 24.Qh6+ Kh8 25.Rdg1 Bf5 26.Bg4 Bxg4 27.Rxg4 Qg7 
28.Qh3 Kg8 29.Rh4 Nf8 30.Nb5 Rac8 31.Rh8+ Kf7 32.Nxa7 Rc7 33.Qf3+ Qf6 34.
R1h7+ Nxh7 35.Rxh7+ Ke6 36.Qxf6+ Kxf6 37.Rxc7 Nc4 38.b3 Nd6 39.Rc6 Kf5 40.
Kd2 g5 41.a4 1/2-1/2

[Event "Africa-ch U20 (open)"]
[Site "Entebbe UGA"]
[Date "2018.12.31"]
[Round "5.5"]
[White "Mwangi, John Milton Kihara"]
[Black "Masiya, Mfundo"]
[Result "0-1"]
[WhiteElo "1679"]
[BlackElo "1952"]
[EventDate "2018.12.29"]
[PlyCount "52"]

1.d4 Nf6 2.Nf3 g6 3.g3 Bg7 4.Bg2 O-O 5.O-O d5 6.b3 c5 7.Bb2 Ne4 8.e3 Nc6 
9.Nbd2 Bf5 10.Qc1 Qa5 11.Nxe4 dxe4 12.Ne5 Nxe5 13.dxe5 e6 14.Qe1 Qc7 15.
Qe2 g5 16.Qh5 h6 17.g4 Bg6 18.Qh3 Rfd8 19.Rfd1 Rxd1+ 20.Rxd1 Rd8 21.Rd6 
Rxd6 22.exd6 Qxd6 23.Bxg7 Kxg7 24.c4 f6 25.Qg3 e5 26.Bf1 Qd2 0-1

[Event "Africa-ch U20 (open)"]
[Site "Entebbe UGA"]
[Date "2018.12.31"]
[Round "5.6"]
[White "Noreseb, Dudley"]
[Black "Bitarinsa, Arthur"]
[Result "1-0"]
[WhiteElo "1684"]
[BlackElo "1742"]
[EventDate "2018.12.29"]
[PlyCount "126"]

1.e4 e5 2.Nf3 Nf6 3.Nc3 Nc6 4.Bc4 Nxe4 5.Bxf7+ Kxf7 6.Nxe4 Be7 7.d3 Rf8 8.
O-O Kg8 9.h3 d5 10.Ng3 Bc5 11.Qe2 Qd6 12.Be3 Nd4 13.Bxd4 exd4 14.Qe5 Bxh3 
15.Qxd6 cxd6 16.gxh3 Rxf3 17.Rae1 Rff8 18.Re7 Rf7 19.Rfe1 Raf8 20.R1e2 b5 
21.Kg2 a5 22.Rxf7 Rxf7 23.Re8+ Rf8 24.Rxf8+ Kxf8 25.Nh5 Kf7 26.Nf4 g5 27.
Nxd5 b4 28.Kf3 Ke6 29.Ke4 h5 30.f3 a4 31.Nc7+ Kd7 32.Nb5 Ke6 33.Nxd4+ Bxd4
34.Kxd4 Kf5 35.Ke3 d5 36.c3 bxc3 37.bxc3 Ke5 38.c4 d4+ 39.Kd2 Kd6 40.Kc2 
Kc5 41.Kb2 Kb4 42.Kb1 Kc5 43.Kc2 Kb4 44.Kb2 a3+ 45.Kc2 Ka4 46.c5 Kb5 47.c6
Kxc6 48.Kb3 Kd5 49.Kxa3 Ke5 50.Kb4 Kf4 51.a4 Kxf3 52.a5 g4 53.hxg4 hxg4 
54.a6 g3 55.a7 g2 56.a8=Q+ Kf2 57.Qf8+ Kg3 58.Qg7+ Kh2 59.Qh8+ Kg1 60.
Qxd4+ Kf1 61.Qf4+ Kg1 62.Kc3 Kh1 63.Qh4+ Kg1 1-0

[Event "Africa-ch U20 (open)"]
[Site "Entebbe UGA"]
[Date "2018.12.31"]
[Round "5.8"]
[White "Nyaga, James Kabui"]
[Black "Ssenkoole, Laurrice Talemwa"]
[Result "1-0"]
[WhiteElo "1767"]
[BlackElo "1538"]
[EventDate "2018.12.29"]
[PlyCount "49"]

1.c4 e5 2.g3 c6 3.Nc3 d5 4.cxd5 cxd5 5.Bg2 Be6 6.d4 exd4 7.Qxd4 Nc6 8.Qa4 
a6 9.Nf3 Bd6 10.O-O Nf6 11.Nd4 Qa5 12.Nxe6 fxe6 13.Qxa5 Nxa5 14.Rd1 Be7 
15.e4 dxe4 16.Nxe4 Nxe4 17.Bxe4 Bf6 18.Rb1 Rc8 19.b4 Nc6 20.Bb2 Bxb2 21.
Rxb2 Rd8 22.Rc1 Kd7 23.a4 Rb8 24.Rd2+ Ke7 25.f4 1-0